Movies Quiz

Random Movies or Clickable Quiz

Golden Movie Awards Quiz Stats

 Plays Quiz not verified by Sporcle

Score 0/20 Timer 03:00
0 Plays Today
% Correct
Golden Space Needle
81.8%
Golden Palm
63.6%
Golden Globe
63.6%
Golden Bear
54.5%
Golden Pyramid
54.5%
Golden Calf
45.5%
Golden Orange
45.5%
Golden Alexander
45.5%
Golden Shell
45.5%
Golden Lion
36.4%
% Correct
Golden Rooster
27.3%
Golden Raven
27.3%
Golden Frog
27.3%
Golden Leopard
27.3%
Golden Horse
18.2%
Golden Star
18.2%
Golden Apricot
18.2%
Golden Peacock
18.2%
Golden St. George
18.2%
Golden Hugo
18.2%

You're not logged in!

Compare scores with friends on all Sporcle quizzes.
OR
Log In

Sporcle TV

Today on Sporcle TV


Watch our educational content, quiz creation guides, and fun videos on Sporcle TV.

Show Comments

Extras

Top Quizzes Today


Score Distribution

Your Account Isn't Verified!

In order to create a playlist on Sporcle, you need to verify the email address you used during registration. Go to your Sporcle Settings to finish the process.

Report this User

Report this user for behavior that violates our Community Guidelines.

Details: